20 Biggest Cities in Georgia - Statistics

General Stats
  • This quiz has been taken 78 times
  • The average score is 13 of 20
Answer Stats
Hint Answer % Correct
514,465 Atlanta
100%
147,845 Savannah
98%
200,512 Augusta
96%
129,089 Athens
91%
200,167 Columbus
91%
156,337 Macon
89%
54,895 Valdosta
72%
111,823 South Fulton
69%
67,420 Alpharetta
67%
105,001 Sandy Springs
67%
91,293 Roswell
65%
85,853 Warner Robbins
63%
63,341 Marietta
52%
66,136 Albany
50%
80,615 Johns Creek
50%
56,699 Smyrna
46%
58,323 Brookhaven
41%
51,746 Dunwoody
41%
48,829 Gainesville
41%
61,147 Stonecrest
31%
No matching quizzes found
Score Distribution
Percent of People with Each Score
Percentile by Number Answered
Your Score History
You have not taken this quiz